Xフォロワー300万人以上の日本人 - Statistics

General Stats
  • This quiz has been taken 164 times
  • The average score is 6 of 22
Answer Stats
名前 ジャンル フォロワー数(万人) % Correct
HIKAKIN YouTuber 708
94%
はじめしゃちょー YouTuber 535
72%
前澤友作 実業家 967
64%
松本人志 芸人 961
53%
有吉弘行 芸人 762
39%
三上悠亜 セクシー女優 830
36%
橋本環奈 女優 495
31%
堀江貴文 実業家 370
31%
米津玄師 歌手 323
25%
深田えいみ セクシー女優 434
22%
広瀬すず 女優 420
20%
冨樫義博 漫画家 334
16%
指原莉乃 アイドル 330
12%
ROLA モデル 390
11%
菅田将暉 俳優 314
8%
田村淳 芸人 322
6%
三村マサカズ 芸人 324
5%
宇多田ヒカル 歌手 330
3%
小嶋陽菜 モデル 302
3%
きゃりーぱみゅぱみゅ 歌手 482
2%
吉高由里子 女優 363
2%
堀越耕平 漫画家 313
1%
No matching quizzes found
Score Distribution
Percent of People with Each Score
Percentile by Number Answered
Your Score History
You have not taken this quiz